Les États Unis de A à Z - Statistiques

Statistiques générales
  • Ce quiz a été pris 128 fois
  • Le résultat moyen est 14 sur 26
Statistiques - réponses
Indice Réponse % Correct
F Pays ayant aidé les États-Unis Pendant la Guerre d'indépendance France
85%
G État Portant un Nom de Pays situé dans le Caucase Géorgie
85%
A Dans quel État des États-Unis se situe la ville de Montgomery Alabama
84%
W Capitale des États-Unis portant le Nom du 1er Président des États-Unis Washington
82%
O Président Dont Le Mandat est 2009 2017 ayant obtenu un Prix Nobel de La Paix Barack _____ Obama
81%
N Premier Homme ayant marché sur la Lune mort en 2012 😭 Neil Armstrong
75%
S Caroline du Sud en Anglais South Carolina
73%
U Pays Opposé Aux États-Unis Pendant La Guerre Froide URSS
69%
X Entreprise ayant été achetée par Elon Musk en 2022 Renommée en 2023 par un... X
69%
M Homme ayant Lutté contre la Ségrégation et Le Racisme aux États-Unis Martin Luther King
66%
D État ou se Situe Le Mont Rushmore Dakota du sud
65%
Q En France la Disposition des 6 Premières lettres du clavier est AZERTY Quelle Disposition est utilisée aux États-Unis Qwerty
65%
Z Copine du Célèbre Acteur Américain Tom Holland Zendaya
59%
K Actuelle Vice Présidente (2024) Kamala Harris
50%
Y Dessin Animé Se Déroulant dans la Plaine Nord Américaine Métant en scène Y____i et Petit Tonnerre Yakari
50%
H Président des États-Unis 1945.1953 Successeur de Franklin Roosevelt ayant utilisé la bombe atomique sur le Japon Harry Truman
43%
R Pays S'étant fait attaqué Par Les États-Unis et La France en 1812 Royaume-Uni
42%
B Ancien Premier ministre du Royaume Uni né à New York Boris Johnson
39%
E Président Russe Connu pour son Rire avec Bill Clinton Boris Eltsine
38%
I Île Proche du Groenland Anciennement Danoise dont les Américains on prit le Contrôle en 1941 Islande
30%
L Président dont le Mandat est secoué par des Émeutes Raciales et L'assassinat de Malcolm X Lyndon B Johnson
29%
P Acteur ayant Joué dans la Série Columbo Peter Falk
27%
J 39 e Président des États-Unis ayant reçu un Prix Nobel de La Paix en 2002 qui est encore en vie (2024) Jimmy Carter
25%
C Seul Président à Avoir fait 2 mandats non consécutifs Grover _________ Cleveland
15%
V Prénom du Joueur Américain Gérulaitis Vitas
8%
T Successeur du Président Théodore Roosevelt en 1909 William H Taft
8%
Aucun quiz correspondant
Distribution des résultats
% des personnes avec chaque résultat
Percentile par nombre de réponses
Votre historique - résultats
Vous n’avez pas pris ce quiz